000
00213nam a22000857a 4500
008
161122b xxu||||| |||| 00| 0 eng d
100
_9
1315
_a
Kalra.P.S.etal.
245
_a
Mathematics-VII
260
_a
New Delhi
_b
ABD
_c
2009
999
_c
4028
_d
4028